La Cultura en las crisis latinoamericAnas (Registro nro. 169812)
[ vista simple ]
| 000 -LEADER | |
|---|---|
| fixed length control field | 00919nam a22002177a 4500 |
| 005 - DATE AND TIME OF LATEST TRANSACTION | |
| control field | 20240223134328.0 |
| 008 - FIXED-LENGTH DATA ELEMENTS--GENERAL INFORMATION | |
| fixed length control field | 240223b ag ||||| |||| 00| 0 spa d |
| 020 ## - INTERNATIONAL STANDARD BOOK NUMBER | |
| International Standard Book Number | 9871183011 |
| 050 04 - LIBRARY OF CONGRESS CALL NUMBER | |
| Classification number | HN110.5.A8 |
| Item number | C85 2004 |
| 245 03 - TITLE STATEMENT | |
| Title | La Cultura en las crisis latinoamericAnas |
| Statement of responsibility, etc | / Alejandro Grimson, compilador ; Ana María Ochoa Gautier... [y otros] |
| 260 ## - PUBLICATION, DISTRIBUTION, ETC. (IMPRINT) | |
| Place of publication, distribution, etc | Ciudad de Buenos Aires : |
| Name of publisher, distributor, etc | CLACSO, |
| Date of publication, distribution, etc | 2004 |
| 300 ## - PHYSICAL DESCRIPTION | |
| Extent | 311 páginas : |
| Other physical details | ilustraciones ; |
| Dimensions | 23 cm |
| 490 0# - SERIES STATEMENT | |
| Series statement | Colección Grupos de trabajo de CLACSO |
| 650 #7 - SUBJECT ADDED ENTRY--TOPICAL TERM | |
| Source of heading or term | lemb |
| Topical term or geographic name as entry element | Política y cultura |
| Geographic subdivision | América Latina |
| 650 #7 - SUBJECT ADDED ENTRY--TOPICAL TERM | |
| Source of heading or term | lemb |
| Topical term or geographic name as entry element | Artes latinoamericanas |
| Chronological subdivision | Siglo XX |
| 651 #7 - SUBJECT ADDED ENTRY--GEOGRAPHIC NAME | |
| Source of heading or term | lemb |
| Geographic name | América Latina |
| General subdivision | Condiciones sociales |
| Chronological subdivision | 1982- |
| 700 1# - ADDED ENTRY--PERSONAL NAME | |
| Personal name | Grimson, Alejandro, |
| Relator term | compilador |
| 700 1# - ADDED ENTRY--PERSONAL NAME | |
| Personal name | Ochoa Gautier, Ana María, |
| Relator term | colaborador |
| 710 2# - ADDED ENTRY--CORPORATE NAME | |
| Corporate name or jurisdiction name as entry element | Consejo Latinoamericano de Ciencias Sociales. |
| Subordinate unit | Grupo de Trabajo "Cultura y Poder" |
| 942 ## - ADDED ENTRY ELEMENTS (KOHA) | |
| Source of classification or shelving scheme | Biblioteca del Cogreso de los Estados Unidos |
| Koha item type | Libro |
| Estado de pérdida | Fuente de clasificación | Estado del daño | No para préstamo | Ubicación permanente | Ubicación actual | Apartado o colección | Fecha de adquisición | Fuente de adquisición | Edición | Dependencia de educación superior (DES) | Área del conocimiento | Total Checkouts | Clasificación | Código de Barras | Date last seen | Número de copia | Costo por reposición | Tipo de recurso |
|---|---|---|---|---|---|---|---|---|---|---|---|---|---|---|---|---|---|---|
| Biblioteca del Cogreso de los Estados Unidos | Biblioteca del Instituto de Investigaciones Históricas | Biblioteca del Instituto de Investigaciones Históricas | General | 23/02/2024 | Donación | 1a ed. | Humanidades | Ciencias Sociales y Administrativas | HN110.5.A8 C85 2004 | IIH000036231 | 23/02/2024 | 1 | 162.60 | Libro |